| 000 | 00812nam a2200253Ia 4500 | ||
|---|---|---|---|
| 008 | 191130s2015##################000#0#eng## | ||
| 020 | _a9781455728749 | ||
| 022 | _a2014451590 | ||
| 040 |
_aACL _cACL |
||
| 100 | _aYanoff, Myron | ||
| 245 |
_aOcular pathology _cMyron Yanoff, Joseph W. Sassani |
||
| 250 | _a7th ed | ||
| 260 |
_aLondon ; New York _bElsevier Saunders _cc2015 |
||
| 300 | _axi, 701 p. : ill. (mostly color) ; 29 cm. | ||
| 500 | _aIncludes index | ||
| 650 | _aEye - Diseases - Atlases | ||
| 650 | _aEye - Diseases - Outlines, syllabi, etc | ||
| 650 | _aEye - Wounds and injuries - Atlases | ||
| 650 | _aEye - Wounds and injuries - Outlines, syllabi, etc | ||
| 700 | _aSassani, Joseph W | ||
| 990 | _ae3199c79ac100b466cb5c3060be2d825 | ||
| 991 | _a445386 | ||
| 999 |
_c25509 _d25509 |
||